Zwycięzcy konkursów Pucharu Świata 2015/16 w skokach narciarskich - Statystyki

Ogólne statystyki
  • Ten quiz został rozwiązany 37 razy
  • Średni wynik to 26 z 29
Statystyki odpowiedzi
Data Miejscowość Skocznia Narodowość Zwycięzca % Poprawnych
13.12.2015 Niżny Tagił duża Słowenia Peter Prevc
100%
19.12.2015 Engelberg duża Słowenia Peter Prevc
100%
20.12.2015 Engelberg duża Słowenia Peter Prevc
100%
1.01.2016 Garmisch-Partenkirchen duża Słowenia Peter Prevc
100%
3.01.2016 Innsbruck duża Słowenia Peter Prevc
100%
6.01.2016 Bischofshofen duża Słowenia Peter Prevc
100%
10.01.2016 Willingen duża Słowenia Peter Prevc
100%
30.01.2016 Sapporo duża Słowenia Peter Prevc
100%
10.02.2016 Trondheim duża Słowenia Peter Prevc
100%
13.02.2016 Vikersund mamucia Słowenia Peter Prevc
100%
14.02.2016 Vikersund mamucia Słowenia Peter Prevc
100%
27.02.2016 Ałmaty duża Słowenia Peter Prevc
100%
28.02.2016 Ałmaty duża Słowenia Peter Prevc
100%
17.03.2016 Planica mamucia Słowenia Peter Prevc
100%
20.03.2016 Planica mamucia Słowenia Peter Prevc
100%
24.01.2016 Zakopane duża Austria Stefan Kraft
97%
5.12.2015 Lillehammer normalna Niemcy Severin Freund
94%
12.12.2015 Niżny Tagił duża Niemcy Severin Freund
94%
29.12.2015 Oberstdorf duża Niemcy Severin Freund
94%
4.03.2016 Wisła duża Czechy Roman Koudelka
89%
12.03.2016 Titisee-Neustadt duża Norwegia Johann André Forfang
86%
22.11.2015 Klingenthal duża Norwegia Daniel-André Tande
83%
12.02.2016 Vikersund mamucia Słowenia Robert Kranjec
80%
18.03.2016 Planica mamucia Słowenia Robert Kranjec
80%
19.02.2016 Lahti duża Austria Michael Hayböck
77%
21.02.2016 Lahti normalna Austria Michael Hayböck
77%
23.02.2016 Kuopio duża Austria Michael Hayböck
77%
31.01.2016 Sapporo duża Norwegia Anders Fannemel
60%
6.12.2015 Lillehammer normalna Norwegia Kenneth Gangnes
57%
Nie znaleziono quizów pasujących do podanych kryteriów
Rozkład punktacji
Procent ludzi z każdym wynikiem
Percentyl według liczby udzielonych odpowiedzi
Twoja historia wyników
Nie rozwiązałeś tego quizu